000 00642cam a2200241 a 4500
001 15230327
005 20180227034630.0
008 080324s2008 maua b 001 0 eng
010 _a 2008925595
020 _a9780547204888 (pbk.)
040 _aDLC
_cDLC
_dDLC
041 _aeng
043 _an-us---
080 _a37 RYA
082 _a37 RYA
100 1 _a25
101 _aEDU
245 1 0 _aThose who can, teach /
_cKevin Ryan, James Cooper.
504 _aIncludes bibliographical references and index.
906 _a7
_bcbc
_corignew
_d2
_eepcn
_f20
_gy-gencatlg
942 _2ddc
_cBK
999 _c43549
_d43549